History Quiz

Random History or Century Quiz

16th Century Names Match-Up Quiz Stats

 Plays Quiz Updated Dec 24, 2015

Challenge
Share
Tweet
Score 0/34 Timer 10:00
23 Plays Today
% Correct
Anne
94.7%
Martin
93.9%
Francis
88.7%
Amerigo
85.1%
Walter
84.4%
Ferdinand
82.7%
Elizabeth
81.5%
Niccolò
76.7%
Thomas
76.7%
Nicolaus
76.2%
Hernán
75.4%
Miguel
74.6%
Motecuhzoma
73.4%
Catherine
71.5%
Miyamoto
70.3%
Christopher
68.6%
Qiu
68.1%
% Correct
Ivan
67.5%
Jacques
67.5%
Francisco
65.1%
Albrecht
62.7%
Hans
61.7%
Tycho
59.1%
Hieronymus
56.9%
Edmund
54.3%
Desiderius
51.9%
François
45.7%
Oda
43%
Michel
38.8%
Altan
37.1%
Paolo
33.6%
Lope
31.9%
Baldassare
30%
Georgius
19%

You're not logged in!

Compare scores with friends on all Sporcle quizzes.
OR
Log In

You Might Also Like...

Show Comments

Extras

Top Quizzes Today


Score Distribution

Your Account Isn't Verified!

In order to create a playlist on Sporcle, you need to verify the email address you used during registration. Go to your Sporcle Settings to finish the process.

Report this User

Report this user for behavior that violates our Community Guidelines.

Details: